| 000 | 00347nam a2200157Ia 4500 | ||
|---|---|---|---|
| 001 | 3830 | ||
| 003 | Ost | ||
| 005 | 20260507154756.0 | ||
| 008 | 251113s9999||||xx |||||||||||||| ||eng|| | ||
| 040 | _cnitttr | ||
| 041 | _aeng | ||
| 082 | _a620.102 | ||
| 100 | _aFlugge, W. | ||
| 245 | 0 |
_aHandbook of engineering mechanics. / _cFlugge, W. |
|
| 942 | _cBK | ||
| 999 |
_c3727 _d3727 |
||